| 000 | 00669nam a22002057a 4500 | ||
|---|---|---|---|
| 999 |
_c18067 _d18067 |
||
| 003 | AR-CdUCM | ||
| 008 | 190511b ||||| |||| 00| 0 spa d | ||
| 040 |
_aMUNICIPALIDAD PROVINCIAL DEL CUSCO _cBIBLIOTECA MUNICIPAL DEL CUSCO |
||
| 082 |
_23ed. _a465 / _bM63 |
||
| 100 |
_aMiranda Podarera, Luis _938432 |
||
| 245 | _aCuestiones Gramaticales / | ||
| 260 |
_aMadrid : _bLibreria y casa editorial Hernando, _c1957. |
||
| 300 |
_a235 paginas ; _c20 cm. |
||
| 505 | _aContenido: Primera parte -- Segunda parte -- Tercera parte | ||
| 650 |
_aGramatica _99175 |
||
| 650 |
_aLenguaje _95227 |
||
| 650 |
_aHistoria _9136 |
||
| 942 |
_2ddc _cLIBROS |
||
| 945 |
_apjha _d2019-05-11 |
||